000 00455nam a22001817a 4500
003 MPLRDC
005 20220104173249.0
008 210129b ||||| |||| 00| 0 eng d
020 _a0-88730-983-6
082 _a496.4 ZYM
100 _aSERGIO ZYMAN
245 _aTHE END OF MARKETING AS WE KNOW IT
_c
250 _a初版
260 _a美国
_bHARPERBUSINESS
_c1999
300 _b246
650 _a市场学;行销管理
942 _cBK
_o496.4 ZYM
999 _c59336
_d59326